| 000 | 00665nam a2200241 a 4500 | ||
|---|---|---|---|
| 008 | |||
| 020 | _a9781412929493 (pbk.) | ||
| 090 |
_a LB1525 _bWAL |
||
| 100 | 1 | _aWall, Kate. | |
| 245 | 1 | 0 |
_aSpecial needs and early years : _ba practitioner's guide / _cKate Wall. |
| 260 |
_aLondon : _bSage, _c2006. |
||
| 300 | _a2nd ed. | ||
| 300 |
_ax, 211 p. : _bill. ; _c24 cm. |
||
| 500 | _aIncludes index. | ||
| 500 | _aIncludes bibliography. | ||
| 650 | _aEducation. | ||
| 907 |
_a.b10319736 _b28-02-13 _c05-10-12 |
||
| 003 | |||
| 005 | 20230123125454.0 | ||
| 040 | _cNUST | ||
| 049 | _aMAIN | ||
| 942 |
_cBOOKS _k LB1525 _mWAL |
||
| 999 |
_c142119 _d142119 |
||